000 00464nam a2200193Ia 4500
005 20240823022839.0
008 240823s9999||||xx |||||||||||||| ||und||
020 _a81-317-1351-2
041 _aENGLISH
082 _A005.133 P7
100 _a"Kochen,Stephen G"
245 0 _aProgramming In C
250 _a3rd
260 _c2007
_b"Pearson Education, New "
500 _aISSUED
650 _aProgramming
_bComputer Science
942 _cBK
999 _c180141
_d180141